Learning legacy (Record no. 114454)
[ view plain ]
| 000 -LEADER | |
|---|---|
| fixed length control field | 01454cad a22002415a 4500 |
| 001 - CONTROL NUMBER | |
| control field | L156859 |
| 008 - FIXED-LENGTH DATA ELEMENTS--GENERAL INFORMATION | |
| fixed length control field | 120723s2012 xxk f 000 0 eng d |
| 035 ## - SYSTEM CONTROL NUMBER | |
| System control number | (Sirsi) u156859 |
| 041 0# - LANGUAGE CODE | |
| Language code of text/sound track or separate title | eng |
| 110 2# - MAIN ENTRY--CORPORATE NAME | |
| Corporate name or jurisdiction name as entry element | Construction Products Association |
| 9 (RLIN) | 4104 |
| 245 00 - TITLE STATEMENT | |
| Title | Learning legacy |
| Remainder of title | lessons learned from the London 2012 Games construction project |
| Medium | [electronic resource] |
| 260 ## - PUBLICATION, DISTRIBUTION, ETC. | |
| Place of publication, distribution, etc. | London |
| Name of publisher, distributor, etc. | Construction Products Association |
| Date of publication, distribution, etc. | 2012 |
| 505 ## - FORMATTED CONTENTS NOTE | |
| Formatted contents note | Context: innovation in the construction industry -- Setting a framework for innovation -- Achievements -- Remaining challenges -- Recommendations -- Case studies |
| 520 ## - SUMMARY, ETC. | |
| Summary, etc. | A report looking at the role of the construction supply chain in delivering sustainable solutions on the Olympic Park. This learning legacy paper investigates innovation in the construction industry to set the context for the Park project, the processes that were put in place by the ODA to foster innovation, how the supply chain responded, and the overall achievements and remaining challenges. Illustrated through ten case studies. |
| 590 ## - LOCAL NOTE (RLIN) | |
| Local note | KA NTK |
| 650 24 - SUBJECT ADDED ENTRY--TOPICAL TERM | |
| Topical term or geographic name entry element | OLYMPIC GAMES 2012 |
| 651 #4 - SUBJECT ADDED ENTRY--GEOGRAPHIC NAME | |
| Geographic name | United Kingdom |
| Chronological subdivision | |
| 690 ## - LOCAL SUBJECT ADDED ENTRY--TOPICAL TERM (OCLC, RLIN) | |
| Topical term or geographic name as entry element | Construction management |
| 9 (RLIN) | 6230 |
| 690 ## - LOCAL SUBJECT ADDED ENTRY--TOPICAL TERM (OCLC, RLIN) | |
| Topical term or geographic name as entry element | Sustainability |
| 9 (RLIN) | 6271 |
| 710 1# - ADDED ENTRY--CORPORATE NAME | |
| Corporate name or jurisdiction name as entry element | BRE |
| 856 40 - ELECTRONIC LOCATION AND ACCESS | |
| Uniform Resource Identifier | <a href="https://www.constructionproducts.org.uk/news/press-releases/display/view/olympics-legacy-at-ecobuild/">https://www.constructionproducts.org.uk/news/press-releases/display/view/olympics-legacy-at-ecobuild/</a> |
| Public note | View the report (pdf) free of charge at www.constructionproducts.org.uk |
| 942 ## - ADDED ENTRY ELEMENTS (KOHA) | |
| Suppress in OPAC | 0 |
| Withdrawn status | Lost status | Source of classification or shelving scheme | Damaged status | Not for loan | Home library | Current library | Shelving location | Date acquired | Total Checkouts | Full call number | Barcode | Date last seen | Copy number | Price effective from | Koha item type |
|---|---|---|---|---|---|---|---|---|---|---|---|---|---|---|---|
| Dewey Decimal Classification | Virtual | Virtual | Online | 23/07/2012 | ONLINE PUBLICATION | 156859-2001 | 06/08/2019 | 1 | 06/08/2019 | Book |